| 000 | 01031ntm a22003137a 4500 | ||
|---|---|---|---|
| 005 | 20220118173240.0 | ||
| 008 | 160315b xxu||||| |||| 00| | spa d | ||
| 020 | _a9786074482201 | ||
| 041 | _aeng | ||
| 082 | _a371.952 V136a2 | ||
| 100 |
_aValadez Sierra, María de los Dolores _97080 |
||
| 100 |
_aBetancourt Morejón, Julián _97081 |
||
| 100 |
_aZavala Berbena, María Alicia _97082 |
||
| 245 | _aAlumnos superdotados y talentosos: identificación, evaluación e intervención. Una perspectiva para docentes | ||
| 250 | _a2 edición | ||
| 260 |
_aMéxico _bEl Manual Moderno _c2012 |
||
| 300 | _a426 páginas | ||
| 650 |
_aNIÑOS SUPERDOTADOS _97083 |
||
| 650 |
_aEDUCACIÓN _9286 |
||
| 650 |
_aALUMNOS _97084 |
||
| 650 |
_aCREATIVIDAD _962190 |
||
| 650 |
_aMODELOS TEÓRICOS _92075 |
||
| 650 |
_aESTRATEGIAS DE APRENDIZAJE _97086 |
||
| 650 |
_aPROGRAMAS EDUCATIVOS _97087 |
||
| 650 |
_aTRASTORNOS DE APRENDIZAJE _97088 |
||
| 650 |
_aORIENTACIÓN _97089 |
||
| 650 |
_aFORMACIÓN DE PROFESORES _97090 |
||
| 942 | _cBK | ||
| 999 |
_c7852 _d7852 |
||